000 00301nam a2200121Ia 4500
008 220204s9999 xx 000 0 und d
082 _a339.138
_bLUC
100 _aFerrell, O C
245 0 _aMarketing strategy and plan
260 _aNew Jersey
_bPrentice Hall
_c1979
700 _aDavid J
942 _cBK
999 _c35471
_d35471